Central Library OPAC University of Rajshahi

The role of the Supreme Court in American Government and politics, 1789-1835. (Record no. 4677)

MARC details
000 -LEADER
fixed length control field 00811cam a22002651 4500
001 - CONTROL NUMBER
control field 4677
003 - CONTROL NUMBER IDENTIFIER
rucl marc code BD-RjUL
005 - DATE AND TIME OF LATEST TRANSACTION
control field 20211208233933.0
008 - FIXED-LENGTH DATA ELEMENTS--GENERAL INFORMATION
fixed length control field 131223t19601944nyu 001 0 eng
035 ## - SYSTEM CONTROL NUMBER
System control number (BD-RjUL)4712
System control number (OCoLC)1873895
040 ## - CATALOGING SOURCE
Original cataloging agency DLC
Transcribing agency FU-L
Modifying agency OCoLC
-- NNF-L
-- DLC
-- BD-RjUL
Language of cataloging eng
041 ## - LANGUAGE CODE
Language code of text/sound track or separate title eng
082 ## - DEWEY DECIMAL CLASSIFICATION NUMBER
Classification number 347.9973
Author mark and year HAR
100 1# - MAIN ENTRY--PERSONAL NAME
Personal name Haines, Charles Grove,
Dates associated with a name 1879-1948.
9 (RLIN) 13827
245 14 - TITLE STATEMENT
Title The role of the Supreme Court in American Government and politics, 1789-1835.
260 ## - PUBLICATION, DISTRIBUTION, ETC. (IMPRINT)
Place of publication, distribution, etc. New York :
Name of publisher, distributor, etc. Russell & Russell,
Date of publication, distribution, etc. c1944.
300 ## - PHYSICAL DESCRIPTION
Pagination 679 p. ;
Size 24 cm.
504 ## - BIBLIOGRAPHY, ETC. NOTE
Bibliography, etc Includes index.
610 10 - SUBJECT ADDED ENTRY--CORPORATE NAME
Corporate name or jurisdiction name as entry element United States.
Subordinate unit Supreme Court.
650 #0 - SUBJECT ADDED ENTRY--TOPICAL TERM
Topical term or geographic name as entry element Constitutional history
Geographic subdivision United States.
9 (RLIN) 11591
942 ## - ADDED ENTRY ELEMENTS (KOHA)
Source of classification or shelving scheme Dewey Decimal Classification
Koha item type Books
Holdings
Lost status Source of classification or shelving scheme Damaged status Not for loan Collection code Permanent Location Current Location Shelving location Date acquired Source of acquisition Cost, normal purchase price Total Checkouts Full call number Date last seen Copy number Koha item type
  Dewey Decimal Classification   Not For Loan Non-fiction Central Library, University of Rajshahi Central Library, University of Rajshahi   27/02/1958 U. S. I. D. Dacca, gift 0.00   347.9973 HAR 1944 23/12/2013 C-1 Books